000 01335cam a2200325 a 4500
999 _c7033
_d7033
001 3543965
003 OSt
005 20210827125650.0
008 970722s1998 enka bf 001 0 eng
010 _a 97030196
020 _a0521580218 (hardcover)
020 _a0521589789 (pbk.)
040 _aDLC
_cDLC
_dDLC
050 0 0 _aQP88.2
_b.M177 1998
082 0 0 _a573.1MAR1998
245 0 0 _aMarrow stromal cell culture /
_cedited by Jon N. Beresford and Maureen E. Owen.
260 _aCambridge, [Eng.] ;
_aNew York :
_bCambridge University Press,
_c1998.
300 _axii, 153 p. :
_bill. ;
_c24 cm.
440 0 _aHandbooks in practical animal cell biology
_94441
504 _aIncludes; references and index.
650 0 _aBiology
_xCultures and culture media
_xHandbooks, manuals, etc.
_914462
650 0 _aBone marrow cells
_xHandbooks, manuals, etc.
_914463
700 1 _aBeresford, Jon N.
_914464
700 1 _aOwen, Maureen E.
_914465
856 4 2 _3Publisher description
_uhttp://www.loc.gov/catdir/description/cam028/97030196.html
856 4 1 _3Table of contents
_uhttp://www.loc.gov/catdir/toc/cam026/97030196.html
906 _a7
_bcbc
_corignew
_d1
_eocip
_f19
_gy-gencatlg
942 _2ddc
_cO_SHELF